[Event "Rated Blitz game"]
[Site "?"]
[Date "2021.04.20"]
[Round "?"]
[White "BorisBulto"]
[Black "DarthZannah"]
[Result "1-0"]
[WhiteElo "2463"]
[BlackElo "2520"]
[PlyCount "115"]
[EventDate "2021.??.??"]
[EventType "blitz"]

1. e4 e5 2. Nf3 d5 3. exd5 e4 4. Qe2 Nf6 5. d3 Qxd5 6. Nc3 Bb4 7. Nd2 Bxc3 8.
bxc3 O-O 9. dxe4 Qe5 10. Qe3 Re8 11. Bd3 Qxc3 12. Rb1 Nc6 13. O-O Qd4 14. Qxd4
Nxd4 15. Bb2 Ne6 16. f4 Nd7 17. Rbe1 b6 18. Bb5 Nec5 19. e5 a6 20. Bc6 Bb7 21.
Bxb7 Nxb7 22. f5 Re7 23. Nf3 Rae8 24. Rd1 f6 25. e6 Ndc5 26. g4 Nd6 27. Nd4 Nc4
28. Bc1 Ne5 29. h3 Rd8 30. Bf4 Ree8 31. Bxe5 fxe5 32. Nc6 Rxd1 33. Rxd1 e4 34.
Rd7 e3 35. Kf1 Ne4 36. Ke2 Nc3+ 37. Kxe3 Nxa2 38. g5 Nc3 39. Kd4 Nb5+ 40. Ke5
Nd6 41. Ne7+ Kf8 42. f6 gxf6+ 43. gxf6 Nc4+ 44. Kd5 Ne3+ 45. Ke5 Nc4+ 46. Kd5
Ne3+ 47. Ke4 Nxc2 48. Kf5 Ne3+ 49. Ke4 Nc4 50. Kd5 Ne3+ 51. Ke4 Nc4 52. Kf5
Ne3+ 53. Kg5 a5 54. f7 Rb8 55. Nf5 Nd5 56. Rxd5 a4 57. Kf6 a3 58. e7# {Normal}
1-0

[Event "Rated Blitz game"]
[Site "?"]
[Date "2021.04.20"]
[Round "?"]
[White "Solitary98"]
[Black "bobbyfischersoul"]
[Result "1/2-1/2"]
[WhiteElo "2459"]
[BlackElo "2527"]
[PlyCount "126"]
[EventDate "2021.??.??"]
[EventType "blitz"]

1. e4 e5 2. Nf3 d5 3. exd5 e4 4. Qe2 Nf6 5. d3 Qxd5 6. Nc3 Bb4 7. Nd2 Bxc3 8.
bxc3 O-O 9. dxe4 Qe5 10. Qc4 Be6 11. Qd4 Qa5 12. Be2 Nc6 13. Qe3 Qa4 14. O-O
Rfd8 15. Rb1 Rab8 16. Rb2 Bxa2 17. Rd1 a6 18. f4 Rd7 19. Bd3 Rbd8 20. Rf1 b5
21. e5 Nd5 22. Qh3 h6 23. e6 Re7 24. Ne4 fxe6 25. f5 exf5 26. Qxf5 Bc4 27. Bxh6
Bxd3 28. cxd3 gxh6 29. Qg6+ Rg7 30. Qxh6 Nce7 31. Qe6+ Kh8 32. Rbf2 Ng6 33. Rf7
Rxf7 34. Qxf7 Rf8 35. Qxd5 Rxf1+ 36. Kxf1 Qd1+ 37. Kf2 Qc2+ 38. Kg3 Qxg2+ 39.
Kxg2 Nf4+ 40. Kf3 Nxd5 41. c4 Nb4 42. Ke3 c6 43. Kd4 Kg7 44. Ng3 Kf6 45. Kc3 a5
46. Ne2 Na6 47. Nd4 b4+ 48. Kb2 c5 49. Nc6 a4 50. h4 Kg6 51. d4 a3+ 52. Kb3
cxd4 53. Nxd4 Kh5 54. Nc2 Kxh4 55. Nxb4 Nxb4 56. Kxa3 Nd3 57. Ka4 Kg5 58. Kb5
Kf6 59. c5 Ke5 60. c6 Kd6 61. Kb6 Nb4 62. c7 Nd5+ 63. Kb7 Nxc7 {Normal} 1/2-1/2

[Event "Rated Blitz game"]
[Site "?"]
[Date "2021.04.20"]
[Round "?"]
[White "Ilya999-Durkin"]
[Black "pasha1984"]
[Result "0-1"]
[WhiteElo "2497"]
[BlackElo "2429"]
[PlyCount "28"]
[EventDate "2021.??.??"]
[EventType "blitz"]

1. e4 e5 2. Nf3 d5 3. Nxe5 dxe4 4. d4 Bd6 5. Nc4 Nc6 6. Nxd6+ Qxd6 7. c3 Nge7
8. Bc4 Qg6 9. g3 Bh3 10. Nd2 O-O-O 11. Nf1 Ne5 12. Qb3 Nf3+ 13. Kd1 Bg2 14.
Bxf7 Qb6 {Normal} 0-1

[Event "Rated Blitz game"]
[Site "?"]
[Date "2021.04.20"]
[Round "?"]
[White "Svetlana_Drakonovna"]
[Black "anjaya01"]
[Result "1-0"]
[WhiteElo "2456"]
[BlackElo "2437"]
[PlyCount "133"]
[EventDate "2021.??.??"]
[EventType "blitz"]

1. e4 e5 2. Nf3 d5 3. Nxe5 Bd6 4. d4 dxe4 5. Nc4 f5 6. Nxd6+ Qxd6 7. c4 Nf6 8.
Nc3 a6 9. Be2 O-O 10. g3 Nc6 11. Bf4 Qxd4 12. Bxc7 Be6 13. Qxd4 Nxd4 14. b3
Rac8 15. Bf4 b5 16. O-O bxc4 17. Rad1 Nxe2+ 18. Nxe2 cxb3 19. axb3 Bxb3 20. Rd6
Bc4 21. Re1 Nd5 22. Be5 Rfd8 23. Rxd8+ Rxd8 24. Nd4 g6 25. Rc1 Rc8 26. Kg2 Nb4
27. Rb1 a5 28. Bd6 Bd3 29. Rb2 Rc4 30. Bxb4 axb4 31. Ne6 Kf7 32. Nf4 g5 33. Nd5
Rc2 34. Rxc2 Bxc2 35. Nxb4 Bb3 36. Na6 Ke7 37. Nc5 Bc4 38. Na4 Ke6 39. Nc3 Ke5
40. Nd1 Kd4 41. Ne3 f4 42. Nf5+ Ke5 43. Nh6 Kf6 44. Ng4+ Kf5 45. Nh6+ Ke5 46.
Ng4+ Kd4 47. h4 Be6 48. Nf6 f3+ 49. Kf1 g4 50. Nh5 Bf5 51. Nf4 e3 52. Ke1 e2
53. Nh5 Ke4 54. Nf4 Bg6 55. h5 Bf5 56. Ne6 Bxe6 57. h6 Kf5 58. Kd2 Kg5 59. Ke1
Kxh6 60. Kd2 Kg5 61. Ke1 h5 62. Kd2 h4 63. Ke1 h3 64. Kd2 h2 65. Ke3 h1=Q 66.
Kd2 e1=Q+ 67. Kd3 {Time forfeit} 1-0

[Event "Rated Blitz game"]
[Site "?"]
[Date "2021.04.20"]
[Round "?"]
[White "Salvaged_Dirt"]
[Black "anjaya01"]
[Result "1-0"]
[WhiteElo "2459"]
[BlackElo "2436"]
[PlyCount "43"]
[EventDate "2021.??.??"]
[EventType "blitz"]

1. e4 e5 2. Nf3 d5 3. Nxe5 Bd6 4. d4 dxe4 5. Nc4 f5 6. Nxd6+ Qxd6 7. c4 Nc6 8.
d5 Ne5 9. Nc3 a6 10. Qd4 Nf6 11. c5 Qe7 12. Bf4 Ng6 13. d6 cxd6 14. Bxd6 Qe6
15. Bc4 Qd7 16. O-O-O b5 17. cxb6 Bb7 18. h4 h5 19. Rh3 Ne7 20. Qe5 Ng4 21.
Qxg7 Rg8 22. Bxg8 {Normal} 1-0

[Event "Rated Blitz game"]
[Site "?"]
[Date "2021.04.20"]
[Round "?"]
[White "wblodw"]
[Black "pasha1984"]
[Result "1-0"]
[WhiteElo "2407"]
[BlackElo "2410"]
[PlyCount "35"]
[EventDate "2021.??.??"]
[EventType "blitz"]

1. e4 e5 2. Nf3 d5 3. Nxe5 dxe4 4. d4 Bd6 5. Nc4 Nc6 6. Be3 Nf6 7. Nxd6+ Qxd6
8. Nc3 Bg4 9. Qd2 O-O-O 10. h3 Bh5 11. g4 Bg6 12. O-O-O h5 13. g5 Nd5 14. h4
Kb8 15. Kb1 f5 16. gxf6 gxf6 17. Rg1 f5 18. Nxd5 {Normal} 1-0

[Event "Rated Blitz game"]
[Site "?"]
[Date "2021.04.20"]
[Round "?"]
[White "Grygoriy12345"]
[Black "jsequera"]
[Result "1/2-1/2"]
[WhiteElo "2474"]
[BlackElo "2482"]
[PlyCount "177"]
[EventDate "2021.??.??"]
[EventType "blitz"]

1. e4 e5 2. Nf3 d5 3. d4 dxe4 4. Nxe5 Bd6 5. Qh5 Qe7 6. Nc4 Nc6 7. Nxd6+ cxd6
8. c3 Nf6 9. Qh4 Bf5 10. Na3 h6 11. Be2 O-O-O 12. Qf4 Qe6 13. h3 g5 14. Qh2 e3
15. Bxe3 Nd5 16. O-O Nxe3 17. fxe3 Qxe3+ 18. Rf2 Bg6 19. Nc4 Qe7 20. Bg4+ f5
21. Bxf5+ Bxf5 22. Rxf5 Qe6 23. Nxd6+ Qxd6 24. Qxd6 Rxd6 25. Raf1 Kd7 26. Rf8
Rxf8 27. Rxf8 Ne7 28. Kf2 Rb6 29. b3 Ra6 30. a4 Rc6 31. c4 Rb6 32. Rf3 Nc6 33.
c5 Rb4 34. d5 Nd4 35. Rf7+ Ke8 36. Rh7 Nxb3 37. c6 bxc6 38. dxc6 Kd8 39. Rxa7
Rc4 40. Rd7+ Kc8 41. Rd6 h5 42. Rd5 Rc5 43. Rd6 Kc7 44. Rh6 h4 45. Kf3 Nd2+ 46.
Kg4 Ne4 47. Kf3 Nd6 48. Rg6 Kxc6 49. Kg4 Kd7 50. Rxg5 Rc4+ 51. Kh5 Nf7 52. Rg4
Rc5+ 53. Kxh4 Ra5 54. Kg3 Ne5 55. Rd4+ Ke6 56. h4 Nc6 57. Rg4 Ne7 58. Kh3 Nf5
59. g3 Ke5 60. h5 Kf6 61. Rg6+ Kf7 62. g4 Ng7 63. Rb6 Rxa4 64. Kh4 Kg8 65. Kg5
Kh7 66. Rb5 Ra6 67. Re5 Ne6+ 68. Kh4 Ng7 69. Re7 Re6 70. Rd7 Rb6 71. Ra7 Rb5
72. Ra4 Rb6 73. g5 Nf5+ 74. Kg4 Ne3+ 75. Kf4 Nd5+ 76. Ke5 Ne7 77. Ra7 Rb5+ 78.
Kf6 Rf5+ 79. Kxe7 Rxg5 80. Kf6+ Kh6 81. Ra8 Rg7 82. Rh8+ Rh7 83. Rxh7+ Kxh7 84.
Kg5 Kg7 85. h6+ Kh7 86. Kh5 Kh8 87. Kg6 Kg8 88. h7+ Kh8 89. Kh6 {Normal}
1/2-1/2

[Event "Rated Blitz game"]
[Site "?"]
[Date "2021.04.20"]
[Round "?"]
[White "JackTheRipperSlash"]
[Black "anjaya01"]
[Result "1-0"]
[WhiteElo "2309"]
[BlackElo "2422"]
[PlyCount "43"]
[EventDate "2021.??.??"]
[EventType "blitz"]

1. e4 e5 2. Nf3 d5 3. d4 Bd6 4. dxe5 dxe4 5. exd6 exf3 6. Qxf3 Qxd6 7. Bc4 Be6
8. Qxb7 Bxc4 9. Qxa8 c6 10. Qxa7 Ne7 11. Nd2 Qe5+ 12. Qe3 Qxe3+ 13. fxe3 Ba6
14. Nb3 O-O 15. Bd2 Nd5 16. O-O-O Nd7 17. e4 N5f6 18. Rhe1 Ng4 19. Bb4 c5 20.
Nxc5 Nxc5 21. Bxc5 Rc8 22. Bb6 {Normal} 1-0

[Event "Rated Blitz game"]
[Site "?"]
[Date "2021.04.20"]
[Round "?"]
[White "Voorzitter-HMC"]
[Black "annaly1979"]
[Result "1-0"]
[WhiteElo "2470"]
[BlackElo "2431"]
[PlyCount "74"]
[EventDate "2021.??.??"]
[EventType "blitz"]

1. e4 e5 2. Nf3 d5 3. Nc3 dxe4 4. Nxe5 f5 5. d4 Nf6 6. Bc4 Nc6 7. Nf7 Qxd4 8.
Qe2 Bb4 9. O-O Rf8 10. Be3 Qc5 11. Bxc5 Bxc5 12. Nb5 Bb6 13. Ng5 a6 14. Nc3 Nd4
15. Qd1 h6 16. Nh3 g5 17. Kh1 Bd7 18. Nd5 Nxd5 19. Qh5+ Ke7 20. Bxd5 Kd6 21.
Bxb7 Rab8 22. Bd5 Ke5 23. Bb3 g4 24. Ng1 Rf6 25. Qh4 Rbf8 26. Qg3+ f4 27. Qc3
c5 28. Ne2 Bb5 29. Rfe1 Kf5 30. Nxd4+ cxd4 31. Qb4 f3 32. g3 Kg5 33. Rxe4 h5
34. Qe7 Kg6 35. Re6 Be2 36. Qxf8 Rxe6 37. Bxe6 d3 {Normal} 1-0

[Event "Rated Blitz game"]
[Site "?"]
[Date "2021.04.20"]
[Round "?"]
[White "Alenee"]
[Black "DarthZannah"]
[Result "0-1"]
[WhiteElo "2399"]
[BlackElo "2510"]
[PlyCount "56"]
[EventDate "2021.??.??"]
[EventType "blitz"]

1. e4 e5 2. Nf3 d5 3. Nxe5 dxe4 4. d4 Nd7 5. Nc4 Nb6 6. Ne3 f5 7. Be2 Nf6 8. c4
c6 9. Nc3 Be7 10. Bd2 Qxd4 11. Qb3 Be6 12. O-O-O Qc5 13. g4 f4 14. Nf5 Bxf5 15.
gxf5 f3 16. Bf1 Qxf2 17. Bh3 Qh4 18. Bf1 O-O-O 19. Be3 Rxd1+ 20. Nxd1 Rd8 21.
Nf2 Ng4 22. Nxg4 Qxg4 23. Rg1 Qh4 24. Rg3 Qxh2 25. Bf4 Qf2 26. Qe3 Qxf1+ 27.
Kc2 Qd1+ 28. Kc3 Rd3+ {Normal} 0-1

[Event "Rated Blitz game"]
[Site "?"]
[Date "2021.04.20"]
[Round "?"]
[White "SergeiRK"]
[Black "artsportscience"]
[Result "0-1"]
[WhiteElo "2429"]
[BlackElo "2345"]
[PlyCount "132"]
[EventDate "2021.??.??"]
[EventType "blitz"]

1. e4 e5 2. Nf3 d5 3. Nxe5 Bd6 4. d4 dxe4 5. Nc4 Nf6 6. Bg5 Be7 7. Nc3 Bf5 8.
Ne3 Bg6 9. Bc4 c6 10. Bb3 Qa5 11. h4 h6 12. Bf4 Nbd7 13. Qd2 O-O 14. O-O-O b5
15. Kb1 b4 16. Ne2 Qb6 17. h5 Nxh5 18. Nc4 Qd8 19. Be3 Nhf6 20. Nf4 Nd5 21.
Nxg6 Nxe3 22. Nxe7+ Qxe7 23. Nxe3 a5 24. Nf5 Qf6 25. Qf4 a4 26. Bc4 b3 27. cxb3
a3 28. Qg4 Kh7 29. Nxh6 gxh6 30. Qxd7 axb2 31. Qg4 Rae8 32. Rde1 Rg8 33. Qh5
Rg5 34. Qxf7+ Qxf7 35. Bxf7 Re7 36. Bh5 Rxg2 37. f4 e3 38. f5 Rd2 39. Bg6+ Kg7
40. Rh3 e2 41. Rhh1 Rxd4 42. Rhg1 Kf6 43. Bh5 Rd1+ 44. Rxd1 exd1=Q+ 45. Rxd1
Kxf5 46. Kxb2 Kg5 47. Bf3 Re3 48. Bxc6 Re2+ 49. Ka3 Re6 50. Rd5+ Kf4 51. Bb5
Rf6 52. Bc4 Ke3 53. Rh5 Rg6 54. Rh3+ Kf4 55. Kb4 Kg4 56. Rd3 h5 57. Rd4+ Kg5
58. a4 h4 59. Bd5 Kh6 60. a5 Rg3 61. Rxh4+ Kg5 62. Rd4 Rg4 63. a6 Rxd4+ 64. Kc5
Rg4 65. a7 Rg2 66. a8=Q Ra2 {Time forfeit} 0-1

[Event "Rated Blitz game"]
[Site "?"]
[Date "2021.04.20"]
[Round "?"]
[White "taoneto"]
[Black "enesbeydiyeceksin"]
[Result "0-1"]
[WhiteElo "2420"]
[BlackElo "2395"]
[PlyCount "66"]
[EventDate "2021.??.??"]
[EventType "blitz"]

1. e4 e5 2. Nf3 d5 3. exd5 e4 4. Qe2 Nf6 5. Nc3 Be7 6. Nxe4 O-O 7. d3 Qxd5 8.
g3 Nc6 9. Bg2 Bg4 10. c3 Ne5 11. O-O Rad8 12. Bf4 Nxd3 13. Nxf6+ Bxf6 14. Bxc7
Rfe8 15. Qd1 Rd7 16. h3 Bh5 17. g4 Bg6 18. Bg3 Nxb2 19. Qxd5 Rxd5 20. Nd4 Rdd8
21. Bxb7 Na4 22. Bc6 Nxc3 23. Bxe8 Bxd4 24. Bc6 Ne2+ 25. Kg2 Bxa1 26. Rxa1 Nxg3
27. Kxg3 h5 28. gxh5 Bxh5 29. Re1 Rd3+ 30. Kh4 Bg6 31. f4 Rd4 32. Kg5 Kh7 33.
f5 f6# {Normal} 0-1

[Event "Rated Blitz game"]
[Site "?"]
[Date "2021.04.20"]
[Round "?"]
[White "nobibla"]
[Black "pasha1984"]
[Result "0-1"]
[WhiteElo "2298"]
[BlackElo "2405"]
[PlyCount "68"]
[EventDate "2021.??.??"]
[EventType "blitz"]

1. e4 e5 2. Nf3 d5 3. Nxe5 dxe4 4. d4 Bd6 5. Nc4 Nc6 6. Nc3 Nf6 7. Bg5 Bb4 8.
d5 Qxd5 9. Bxf6 Qxd1+ 10. Rxd1 gxf6 11. Be2 Be6 12. O-O Bxc3 13. bxc3 Rd8 14.
a3 Ke7 15. Ne3 Ne5 16. f4 exf3 17. Bxf3 Nxf3+ 18. Rxf3 Rxd1+ 19. Nxd1 Rd8 20.
Rd3 Rd6 21. Ne3 Kd7 22. Kf2 Kc6 23. Kf3 Kc5 24. Kf4 a5 25. Nf5 Rxd3 26. cxd3
Kb5 27. Nd4+ Ka4 28. c4 Kxa3 29. Nb5+ Kb4 30. Nxc7 a4 31. Nb5 a3 32. Nd4 a2 33.
Ke3 Kc3 34. Nb5+ Kb2 {Normal} 0-1

[Event "Rated Blitz game"]
[Site "?"]
[Date "2021.04.20"]
[Round "?"]
[White "nebulo89"]
[Black "Almalik25"]
[Result "1-0"]
[WhiteElo "2433"]
[BlackElo "2288"]
[PlyCount "29"]
[EventDate "2021.??.??"]
[EventType "blitz"]

1. e4 e5 2. Nf3 d5 3. Nc3 Nf6 4. exd5 e4 5. Nd4 Bd6 6. Bc4 O-O 7. d3 Qe7 8. O-O
Qe5 9. g3 Qxd4 10. Be3 Qe5 11. Bf4 Qf5 12. dxe4 Nxe4 13. Bd3 Re8 14. Bxd6 Nxd6
15. Bxf5 {Normal} 1-0

[Event "Rated Blitz game"]
[Site "?"]
[Date "2021.04.20"]
[Round "?"]
[White "ElharesAlaa3"]
[Black "anjaya01"]
[Result "0-1"]
[WhiteElo "2480"]
[BlackElo "2416"]
[PlyCount "74"]
[EventDate "2021.??.??"]
[EventType "blitz"]

1. e4 e5 2. Nf3 d5 3. exd5 Bd6 4. Nc3 f5 5. d3 Nf6 6. g3 a6 7. Bg2 O-O 8. O-O
b5 9. Re1 Nbd7 10. Ng5 Qe7 11. Ne6 Rf7 12. Ng5 Rf8 13. Ne6 Rf7 14. f4 h6 15.
fxe5 Nxe5 16. Bf4 Neg4 17. Ng5 Qxe1+ 18. Qxe1 Bc5+ 19. Kf1 hxg5 20. d6 cxd6 21.
Bxa8 gxf4 22. gxf4 Nxh2+ 23. Kg2 Nhg4 24. Nd5 Nxd5 25. Bxd5 Ne3+ 26. Qxe3 Bxe3
27. Re1 Bb7 28. Bxb7 Rxb7 29. Rxe3 Rc7 30. c3 Kf7 31. d4 b4 32. Kg3 a5 33. a3
bxa3 34. bxa3 Rb7 35. c4 Rb2 36. Rc3 a4 37. c5 Rb3 {Normal} 0-1

[Event "Rated Blitz game"]
[Site "?"]
[Date "2021.04.20"]
[Round "?"]
[White "radouanedorb"]
[Black "anjaya01"]
[Result "0-1"]
[WhiteElo "2286"]
[BlackElo "2425"]
[PlyCount "98"]
[EventDate "2021.??.??"]
[EventType "blitz"]

1. e4 e5 2. Nf3 d5 3. Nxe5 Bd6 4. d4 dxe4 5. Nc3 f5 6. Qh5+ g6 7. Nxg6 Nf6 8.
Qh4 Rg8 9. Ne5 Be6 10. Bg5 Be7 11. Bxf6 Bxf6 12. Qxh7 Qxd4 13. Qh5+ Ke7 14.
Ng6+ Rxg6 15. Qxg6 Nc6 16. Rd1 Qb4 17. Qh7+ Kf8 18. Be2 Qxb2 19. Nd5 Bg7 20.
O-O Nd4 21. Bc4 Qxc2 22. Rc1 Qa4 23. Nxc7 Bxc4 24. Rxc4 Qxc4 25. Nxa8 Ne2+ 26.
Kh1 Ng3+ 27. hxg3 Qxf1+ 28. Kh2 Qxf2 29. Nc7 Be5 30. Ne6+ Ke8 31. Ng7+ Bxg7 32.
Qxg7 e3 33. Qe5+ Kd7 34. Qd4+ Kc6 35. a4 Qd2 36. Qf6+ Kd5 37. Qxf5+ Kc4 38.
Qc8+ Kb3 39. Qxb7+ Kxa4 40. Qxa7+ Kb4 41. Qb6+ Ka4 42. Qh6 Kb4 43. g4 Qf2 44.
Qb6+ Kc4 45. Kh3 Qf4 46. Qc6+ Kd3 47. Qd5+ Ke2 48. g5 Kf2 49. Qc5 Qg3# {Normal}
0-1

[Event "Rated Blitz game"]
[Site "?"]
[Date "2021.04.19"]
[Round "?"]
[White "sdirektor"]
[Black "annaly1979"]
[Result "1-0"]
[WhiteElo "2364"]
[BlackElo "2402"]
[PlyCount "51"]
[EventDate "2021.??.??"]
[EventType "blitz"]

1. e4 e5 2. Nf3 d5 3. Nxe5 Qe7 4. d4 f6 5. Ng4 Nc6 6. Bb5 Qxe4+ 7. Ne3 Nge7 8.
Nc3 Qe6 9. O-O Bd7 10. Nexd5 Nxd5 11. Re1 Nxc3 12. Rxe6+ Bxe6 13. bxc3 O-O-O
14. Bxc6 bxc6 15. Qd3 Bd6 16. Be3 h5 17. Qa6+ Kd7 18. c4 h4 19. c5 Be7 20. Rd1
g5 21. c4 h3 22. d5 Bg4 23. Qxc6+ Kc8 24. Rb1 hxg2 25. Rb7 Rd7 26. Rxa7 {Normal
} 1-0

[Event "Rated Blitz game"]
[Site "?"]
[Date "2021.04.19"]
[Round "?"]
[White "Voorzitter-HMC"]
[Black "Gifroy"]
[Result "1-0"]
[WhiteElo "2456"]
[BlackElo "2400"]
[PlyCount "119"]
[EventDate "2021.??.??"]
[EventType "blitz"]

1. e4 e5 2. Nf3 d5 3. Nc3 dxe4 4. Nxe4 Nf6 5. Nxf6+ Qxf6 6. d4 e4 7. Ne5 Bd6 8.
Nc4 O-O 9. Nxd6 cxd6 10. Bc4 Be6 11. d5 Bf5 12. c3 Nd7 13. Be3 Ne5 14. Be2 Qg6
15. g3 Bh3 16. Qb3 Bg4 17. h3 Bxe2 18. Kxe2 Qf5 19. Rhf1 Qf3+ 20. Kd2 b5 21.
Rae1 a5 22. Kc2 b4 23. Bd4 Nd3 24. Rd1 bxc3 25. bxc3 Rab8 26. Qa3 Rb2+ 27. Qxb2
Nxb2 28. Kxb2 Rb8+ 29. Ka1 h5 30. Rb1 Rxb1+ 31. Rxb1 Qg2 32. h4 Qf3 33. Rb8+
Kh7 34. Rb6 Qd1+ 35. Kb2 Qd2+ 36. Kb3 Qd1+ 37. Kc4 Qa4+ 38. Rb4 Qxa2+ 39. Kb5
axb4 40. cxb4 Qe2+ 41. Ka4 Qc4 42. Bb6 Qxd5 43. Ba5 Qc6+ 44. b5 Qc4+ 45. Bb4 d5
46. Ka5 Qa2+ 47. Kb6 Qc4 48. Ka7 d4 49. b6 Qxb4 50. b7 Qxb7+ 51. Kxb7 d3 52.
Kc6 d2 53. Kc5 d1=Q 54. Kc4 Qf3 55. g4 Qxf2 56. g5 Qf3 57. Kd5 Qf5+ 58. Kd4 Qg4
59. Ke3 Qxh4 60. g6+ {Time forfeit} 1-0

[Event "Rated Blitz game"]
[Site "?"]
[Date "2021.04.19"]
[Round "?"]
[White "Maybach77"]
[Black "anjaya01"]
[Result "0-1"]
[WhiteElo "2357"]
[BlackElo "2416"]
[PlyCount "80"]
[EventDate "2021.??.??"]
[EventType "blitz"]

1. e4 e5 2. Nf3 d5 3. exd5 Bd6 4. d4 e4 5. Ne5 Nd7 6. Nxd7 Bxd7 7. Nc3 f5 8.
Bc4 a6 9. a4 Nf6 10. h3 O-O 11. O-O f4 12. Re1 Bf5 13. f3 e3 14. Bd3 Qd7 15.
Bxf5 Qxf5 16. Qe2 Rf7 17. Rb1 g5 18. b4 h5 19. b5 a5 20. b6 g4 21. h4 g3 22.
bxc7 Ne8 23. Ne4 Bxc7 24. Rxb7 Qxd5 25. Rb5 Qxd4 26. Rd1 Qxa4 27. Rxh5 Rb8 28.
Qd3 Rd8 29. Qe2 Rxd1+ 30. Qxd1 Qc4 31. Bb2 Kf8 32. Ba3+ Kg8 33. Bb2 Ng7 34. Rg5
Bb6 35. Kh1 e2 36. Qe1 Qxc2 37. Nf6+ Rxf6 38. Bxf6 Bf2 39. Rxg7+ Kf8 40. Be7+
Kxg7 {Time forfeit} 0-1

[Event "Rated Blitz game"]
[Site "?"]
[Date "2021.04.19"]
[Round "?"]
[White "SergeiRK"]
[Black "CristianS27"]
[Result "0-1"]
[WhiteElo "2417"]
[BlackElo "2417"]
[PlyCount "36"]
[EventDate "2021.??.??"]
[EventType "blitz"]

1. e4 e5 2. Nf3 d5 3. Nxe5 dxe4 4. Bc4 Qg5 5. Nxf7 Qxg2 6. Rf1 Bg4 7. Be2 Bxe2
8. Qxe2 Kxf7 9. Nc3 Nf6 10. Qc4+ Ke8 11. d4 exd3 12. Qxc7 Nbd7 13. Bf4 dxc2 14.
Kd2 Qc6 15. Rae1+ Kf7 16. Kxc2 Qxc7 17. Bxc7 Rc8 18. Bg3 Bb4 {Time forfeit} 0-1

[Event "Rated Blitz game"]
[Site "?"]
[Date "2021.04.19"]
[Round "?"]
[White "Marc400"]
[Black "artsportscience"]
[Result "1-0"]
[WhiteElo "2429"]
[BlackElo "2350"]
[PlyCount "27"]
[EventDate "2021.??.??"]
[EventType "blitz"]

1. e4 e5 2. Nf3 d5 3. exd5 e4 4. Qe2 Nf6 5. d3 Qxd5 6. Nbd2 Qe6 7. dxe4 Bc5 8.
h3 O-O 9. g3 Nc6 10. Bg2 Nb4 11. Nb3 Nxe4 12. O-O Bb6 13. Nfd4 Qe5 14. Qxe4 {
Normal} 1-0

[Event "Rated Blitz tournament t8JgqN9O"]
[Site "?"]
[Date "2021.04.19"]
[Round "?"]
[White "ljuks"]
[Black "Schachelite"]
[Result "0-1"]
[WhiteElo "2423"]
[BlackElo "2402"]
[PlyCount "36"]
[EventDate "2021.??.??"]
[EventType "blitz"]

1. e4 e5 2. Nf3 d5 3. exd5 e4 4. Qe2 Nf6 5. d3 Qxd5 6. Nbd2 Nc6 7. dxe4 Qe6 8.
Qc4 Qe7 9. Bd3 Be6 10. Qa4 O-O-O 11. O-O Kb8 12. Nc4 Nd7 13. Be3 Nc5 14. Bxc5
Qxc5 15. Rad1 b5 16. b4 Nxb4 17. Qa3 Nxd3 18. cxd3 Qxa3 {Normal} 0-1

[Event "Rated Blitz tournament t8JgqN9O"]
[Site "?"]
[Date "2021.04.19"]
[Round "?"]
[White "ljuks"]
[Black "Schachelite"]
[Result "1-0"]
[WhiteElo "2427"]
[BlackElo "2397"]
[PlyCount "43"]
[EventDate "2021.??.??"]
[EventType "blitz"]

1. e4 e5 2. Nf3 d5 3. exd5 e4 4. Qe2 Nf6 5. d3 Qxd5 6. Nbd2 Nc6 7. Nxe4 Be6 8.
Nxf6+ gxf6 9. c4 Bb4+ 10. Bd2 Qa5 11. a3 O-O-O 12. O-O-O Bxd2+ 13. Qxd2 Qb6 14.
d4 Na5 15. Qc3 Bg4 16. d5 Rhe8 17. b4 Nxc4 18. Bxc4 Qxf2 19. Rd2 Qb6 20. Qd4
Qd6 21. Qxa7 Re3 22. Qxe3 {Normal} 1-0

[Event "Rated Blitz game"]
[Site "?"]
[Date "2021.04.19"]
[Round "?"]
[White "Kiezking"]
[Black "Akbas_Kaan"]
[Result "0-1"]
[WhiteElo "2510"]
[BlackElo "2366"]
[PlyCount "34"]
[EventDate "2021.??.??"]
[EventType "blitz"]

1. e4 e5 2. Nf3 d5 3. exd5 e4 4. Bb5+ c6 5. dxc6 bxc6 6. Qe2 Nf6 7. Bc4 Bd6 8.
Ng5 O-O 9. O-O Bxh2+ 10. Kxh2 Ng4+ 11. Kg1 Qxg5 12. Qxe4 Qh6 13. Re1 Qh2+ 14.
Kf1 Na6 15. Bxa6 Bxa6+ 16. d3 Rae8 17. Qxe8 Qh1+ {Normal} 0-1

[Event "Rated Blitz game"]
[Site "?"]
[Date "2021.04.19"]
[Round "?"]
[White "DrinkAndStay"]
[Black "KamranShirazi"]
[Result "1/2-1/2"]
[WhiteElo "2351"]
[BlackElo "2533"]
[PlyCount "93"]
[EventDate "2021.??.??"]
[EventType "blitz"]

1. e4 e5 2. Nf3 d5 3. exd5 e4 4. Nd4 Qxd5 5. Ne2 Bd6 6. Nbc3 Qe5 7. Ng3 Nf6 8.
Bb5+ c6 9. Bc4 h5 10. Qe2 Bg4 11. Qf1 h4 12. Nge2 b5 13. Bb3 Nbd7 14. f3 Bf5
15. fxe4 Nxe4 16. d4 Qf6 17. Nxe4 Bxe4 18. Qxf6 Nxf6 19. O-O h3 20. g3 O-O 21.
Bf4 Be7 22. Bg5 Bg2 23. Rfe1 Bd6 24. Bxf6 gxf6 25. Nf4 Bxf4 26. gxf4 Rad8 27.
c3 c5 28. Rad1 cxd4 29. Rxd4 Rxd4 30. cxd4 Rd8 31. Re7 Rxd4 32. Rxf7 Rd1+ 33.
Kf2 Rd2+ 34. Ke1 Rxb2 35. Rxa7+ Kh8 36. Rf7 Be4 37. Rxf6 Rxh2 38. Be6 Rh1+ 39.
Kf2 Kg7 40. Rf7+ Kg6 41. f5+ Bxf5 42. Rxf5 h2 43. Kg2 Re1 44. Kxh2 Rxe6 45.
Rxb5 Re2+ 46. Kg3 Rxa2 47. Kg4 {Normal} 1/2-1/2

[Event "Rated Blitz game"]
[Site "?"]
[Date "2021.04.19"]
[Round "?"]
[White "ArnieChipmunk"]
[Black "anjaya01"]
[Result "0-1"]
[WhiteElo "2414"]
[BlackElo "2418"]
[PlyCount "74"]
[EventDate "2021.??.??"]
[EventType "blitz"]

1. e4 e5 2. Nf3 d5 3. exd5 Bd6 4. Nc3 f5 5. d4 e4 6. Ne5 Nf6 7. Bg5 a6 8. Bxf6
Qxf6 9. f4 O-O 10. Qd2 b5 11. O-O-O Nd7 12. g4 fxg4 13. Nxe4 Qxf4 14. Qxf4 Rxf4
15. Nxd6 cxd6 16. Nxd7 Bxd7 17. c3 g5 18. Bd3 h5 19. Rde1 Re8 20. Bg6 Rxe1+ 21.
Rxe1 Kg7 22. Bxh5 Kh6 23. Be8 Bf5 24. Re2 Be4 25. Bd7 Bxd5 26. b3 Kh5 27. Kd2
Kh4 28. Be6 Bf3 29. Re1 d5 30. Bc8 Be4 31. Bxa6 Rf2+ 32. Re2 Rxe2+ 33. Kxe2 Kh3
34. Bc8 Bf3+ 35. Kf2 Kxh2 36. a4 g3+ 37. Kxf3 g2 {Normal} 0-1

[Event "Rated Blitz game"]
[Site "?"]
[Date "2021.04.19"]
[Round "?"]
[White "exmath"]
[Black "pasha1984"]
[Result "0-1"]
[WhiteElo "2346"]
[BlackElo "2446"]
[PlyCount "22"]
[EventDate "2021.??.??"]
[EventType "blitz"]

1. e4 e5 2. Nf3 d5 3. Nxe5 dxe4 4. d4 Bd6 5. Nc4 Nc6 6. Nc3 Nf6 7. Bg5 Bb4 8.
d5 Qxd5 9. Qxd5 Nxd5 10. O-O-O Nxc3 11. bxc3 Bxc3 {Normal} 0-1

[Event "Rated Blitz game"]
[Site "?"]
[Date "2021.04.19"]
[Round "?"]
[White "Shaginyan_A"]
[Black "magos33"]
[Result "1/2-1/2"]
[WhiteElo "2437"]
[BlackElo "2365"]
[PlyCount "115"]
[EventDate "2021.??.??"]
[EventType "blitz"]

1. e4 e5 2. Nf3 d5 3. Nxe5 Bd6 4. d4 dxe4 5. Nc4 Nf6 6. Nc3 O-O 7. Bg5 Be7 8.
Be2 Bf5 9. Ne3 Bg6 10. O-O Nbd7 11. f3 exf3 12. Bxf3 c6 13. Qd2 h6 14. Bh4 Re8
15. Rae1 Qb6 16. Nc4 Qa6 17. Ne5 Nxe5 18. dxe5 Nh7 19. Bg3 Qb6+ 20. Kh1 Qxb2
21. Rb1 Qxc2 22. Qxc2 Bxc2 23. Rxb7 Rab8 24. Rxb8 Rxb8 25. e6 Rf8 26. exf7+
Rxf7 27. Rc1 Bf5 28. Bxc6 Be6 29. Re1 Nf8 30. h3 Bf6 31. Ne4 Bd4 32. a3 Bb6 33.
Nd6 Rf6 34. Bf3 Rg6 35. Bf4 Nd7 36. Nc8 Rf6 37. Nxb6 Nxb6 38. Rc1 Rxf4 39. Rc7
Ra4 40. Rc6 Bf7 41. Rc3 Nc4 42. Rd3 Rxa3 43. Rd7 Ne5 44. Rxf7 Kxf7 45. Bd5+ Kf6
46. Kg1 Rd3 47. Be4 a5 48. Bxd3 Nxd3 49. Kf1 Ke5 50. Ke2 Kd4 51. Kd2 a4 52. Kc2
Nf4 53. Kb2 Nxg2 54. Ka3 Nf4 55. Kxa4 Nxh3 56. Kb3 g5 57. Kc2 g4 58. Kd2 {
Time forfeit} 1/2-1/2